Строителната площадка (Запис номер 179402)
[ съкратено ]
| 000 -Лидер | |
|---|---|
| Контролно поле с фиксирана дължина | 02142nam a2200457 c 4500 |
| 003 - Код на организацията, давaща контролен номер | |
| Контролно поле | BLK |
| 005 - Дата и час на последна редакция | |
| Контролно поле | 20250708125806.0 |
| 008 - Елементи от данни с фиксирана дължина | |
| fixed length control field | 180411b bul|||||r ||||||| ||bul|| |
| 020 ## - Международен стандартен номер на книга ISBN | |
| Международен стандартен номер на книга ISBN | 978-619-199-084-9 |
| 020 ## - Международен стандартен номер на книга ISBN | |
| Международен стандартен номер на книга ISBN | 3800083818021 |
| 040 ## - Източник на каталожния запис | |
| Идентификатор на билиотеката - собственик на записа | BLK |
| 041 ## - Код за език | |
| Код за езика на текст/звукозапис или на отделно заглавие | Български |
| Код за езика КДБФ | Български |
| 080 ## - УДК | |
| Текстов определител УДК | Строителство. Строителни материали. Строително-монтажни работи |
| УДК код - определител по УДК | 69 |
| УДК определител | (035)(02.053.2) |
| УДК - код + определител | 69(035)(02.053.2) |
| 139 ## - Редно поле | |
| Редна дума | Шулд, Керстин М. |
| Авторски знак | Шу - Ш 96 |
| 245 10 - Сведения за заглавието | |
| Заглавие | Строителната площадка |
| Подзаглавни данни | Енциклопедия за най-малките : С повдигащи се капачета на всяка страница |
| Редно поле (дума) | Керстин М. Шулд; прев. Розалина Борилова Палазова. |
| 257 ## - Страна на издаване | |
| Страна на създаване/издаване | Германия |
| 260 ## - Област на издателските данни | |
| Име на издателя, разпространителя и проч. | Фют |
| Година на издаване | 2015 |
| Печатница | отпеч. в Италия |
| Място на издаване, разпространение и проч. | София |
| 300 ## - Физическа характеристика | |
| Страници | 16 с. |
| Илюстрации и др. | с цв. ил. |
| Размери/Мащаб | 20 см |
| 380 ## - Жанр | |
| Жанр | Детска отраслова лит. |
| 490 ## - СЕРИИ (Колекции) | |
| Име на серия | Поредица Защо? Какво? Как? |
| 9 (RLIN) | 208015 |
| №: серия | 13 |
| 500 ## - Общи забележки | |
| Забележка | Ориг. загл. Wieso? Weshalb? Warum? Die Baustelle / Ill. und Text Kerstin M. Schuld. - Керстин М. Шулд погрешно означена като Катрин. - Кн. отпеч. на ламиниран картон.<br/>Доп. тир. 2022 |
| 650 #4 - Допълнително описание по предмет – тема | |
| Основно описание – тема или топоним | Строителство |
| 9 (RLIN) | 172631 |
| 650 #4 - Допълнително описание по предмет – тема | |
| Основно описание – тема или топоним | Енциклопедии, детски |
| 9 (RLIN) | 154962 |
| 653 ## - Ключова дума – ненормативна | |
| Ключова дума | строителство |
| 653 ## - Ключова дума – ненормативна | |
| Ключова дума | енциклопедии |
| 653 ## - Ключова дума – ненормативна | |
| Ключова дума | литература за деца |
| 653 ## - Ключова дума – ненормативна | |
| Ключова дума | детска литература |
| 659 ## - Тематичен бюлетин | |
| Тематичен бюлетин | Н |
| 700 1# - Други автори (авторска отговорност) | |
| Лично име | Шулд, Катрин М. |
| Автороска отговорност (Описва отношението между автора и произведението) | текст и ил. |
| 9 (RLIN) | 341772 |
| 700 1# - Други автори (авторска отговорност) | |
| Лично име | Палазова, Розалина Борилова |
| Друга информация | Журналист. Преводач от немски език. |
| 9 (RLIN) | 105705 |
| 852 ## - Местоположение | |
| Форматна сигнатура | Цб 274467 |
| 856 4# - Електронен адрес и достъп | |
| Електронен формат | pdf - файл |
| 856 4# - Електронен адрес и достъп | |
| Електронен формат | pdf - файл |
| 942 ## - АРТИКУЛИ | |
| Вид на библиотечния материал | Книги |
| Скрит в OPAC | Не |
| Koha issues (borrowed), all copies | 67 |
| Периодичен библиозапис | Да |
| 944 ## - СЪЗДАВАНЕ И РЕДАКЦИЯ на ЗАПИСА | |
| Създаване/Редакция | Създаване |
| Дата на регистрацията/редакция | 01.06.2016 |
| Статус, дата на статуса | Геновева Генчева |
| Служител, извършил регистрацията/редакцията | 30560 |
| 944 ## - СЪЗДАВАНЕ И РЕДАКЦИЯ на ЗАПИСА | |
| Създаване/Редакция | Редакция |
| Дата на регистрацията/редакция | 17.06.2016 |
| Статус, дата на статуса | ф / |
| Служител, извършил регистрацията/редакцията | Людмила_Стоянова |
| 999 ## - СИСТЕМНИ КОНТРОЛНИ НОМЕРА | |
| Koha biblionumber | 179402 |
| Koha biblioitemnumber | 179402 |
| 999 ## - СИСТЕМНИ КОНТРОЛНИ НОМЕРА | |
| Koha biblioitemnumber | 179402 |
| 999 ## - СИСТЕМНИ КОНТРОЛНИ НОМЕРА | |
| Koha biblioitemnumber | 179402 |
| 999 ## - СИСТЕМНИ КОНТРОЛНИ НОМЕРА | |
| Koha biblioitemnumber | 179402 |
| 999 ## - СИСТЕМНИ КОНТРОЛНИ НОМЕРА | |
| Koha biblioitemnumber | 179402 |
| Код за отписване | Код за изгубен артикул | Код за повреда | Коз за рестрикции | Код за отдаване | Артикулен № | Име на библиотеката - собственик | Име на библиотеката, в която се намира в момента | Статус (Текущо местоположение) | Дата на вписване в системата | Местоположение - отдел | Цена в лева | Инвентарен номер | Систематично азбучна сигнатура | Баркод | Номер на екземпляра | Цена в евро | Служебна бележка | Служебен тип на артикула | Източник на класификационната схема |
|---|---|---|---|---|---|---|---|---|---|---|---|---|---|---|---|---|---|---|---|
| Не е изгубен | Не е повреден | без рестрикции | заемане за дома | 307723 | Регионална библиотека "Любен Каравелов" Русе | Регионална библиотека "Любен Каравелов" Русе | Детски отдел | 2016-05-31 | Детски отдел | 9.90 | 120000800651 | ДН 6/Ш 96 | 120000800651 | 1 | 5.06 | Дост: Pk Вид: Ф N: 461 Дата: 30.05.2016 | Книги | ||
| Не е изгубен | Не е повреден | заемане за дома | 933662 | Регионална библиотека "Любен Каравелов" Русе | Регионална библиотека "Любен Каравелов" Русе | Детски отдел | 2023-09-15 | Детски отдел | 12.99 | 120000892834 | 69/Ш 96 К | 120000892834 | 6.64 | Книги | Universal Decimal Classification |